Spell the Marvel Hero #76 - Statistics

General Stats
  • This quiz has been taken 17 times
  • The average score is 11 of 13
Answer Stats
Picture Answer % Correct
Shuri
100%
Gambit
93%
Iron Lad
93%
Red Hulk
93%
Rocket Raccoon
93%
U.S. Agent
93%
Ironheart
86%
Quake
86%
Elsa Bloodstone
79%
Squirrel Girl
71%
Reptil
64%
Lady Fantomex
57%
Longshot
57%
No matching quizzes found
Score Distribution
Percent of People with Each Score
Percentile by Number Answered
Your Score History
You have not taken this quiz